00590cam a2200157Ia 4500008004100000020002200041245020000063260005100263300003400314500002000348650002000368710001700388003000100405005001700406040000900423  a0897212460 (pbk.)00aHouse painting /ccreated and designed by the editorial staff of Ortho Books; project editor, Jill Fox; writers, Topcoat painters (Mark Terwilliger, Joseph Lavenia); illustrator, Mitzi McCarthy. aSan Ramon, CA :bChevron Chemical Co.,cc1992. a112 p. :bcol. ill. ;c28 cm. aIncludes index. 0aHouse painting.2 aOrtho Books.20230123134313.0 cNUST